Hatimu Aisyah

Bibliographic Details
Main Author: Zurinah Hassan
Format: Book
Published: Kuala Lumpur : DBP , 1991
Subjects:

MARC

LEADER 00000cam a2200000 7i4500
001 0000006538
002 000007052
005 20000330.0
020 |a 9836223142 
090 0 0 |a F   |b ZUR 
100 0 |a Zurinah Hassan 
245 1 0 |a Hatimu Aisyah   |c Zurinah Hassan 
260 |a Kuala Lumpur :   |b DBP ,   |c 1991 
300 |a 230 p. ;   |c 18 cm. 
650 0 0 |a General fiction, Malay 
999 |a 039365   |b BUKU   |c PINJAMAN   |e PERPUSTAKAAN KOMUNITI PETALING JAYA 
999 |a 039366   |b BUKU   |c PINJAMAN   |e PERPUSTAKAAN KOMUNITI PETALING JAYA